000
00225 a2200097 4500
001
41266
100
_a
Araskh R
245
_a
Runi the Persian, the sufi
260
_a
London
_b
Routledge & kegan paul
_c
090
_c
25470
_d
25470
942
_a
NUST-CAE
_c
M
_c
17192
999
_c
276339
_d
276339